00473 2200181 4500001002100000005001700021035002400038040001200062082001300074084002100087100001400108245006800122260003600190300002000226650001700246850001200263990001600275YOGYA00000000000500320170314144334.0 0010-081400000004721 aYOPDYOG a808.8387 aK 808.8387 May P aMay, Karl aPemburu Binatang Berburu Tebal di Rio Pecas Jil II /cMay, Karl aJakartabPradnya Paramitac1989 a187 hlm.c21 cm aKarya sastra aYOPDYOG a105816-P/98